00342nam a2200121Ia 4500008004100000041000800041082001400049100002400063245004500087260004800132300002900180365001100209240624s9999 xx 000 0 und d aeng a658.4 TER aTERWIESCH CHRISTIAN aINNOVATION TOURNAMENTS CREATING AND SELE c2009aBostonbHarvard Business School Press ax, : 242 : p. : cm. ; 24 cRSb30